书目信息 |
| 题名: |
安装工程识图
|
|
| 作者: | 王远红 , 吴信平 主编 | |
| 分册: | ||
| 出版信息: | 北京 机械工业出版社 2019.08 |
|
| 页数: | 375页 | |
| 开本: | 26cm | |
| 丛书名: | 高等教育工程造价系列规划教材 | |
| 单 册: | ||
| 中图分类: | TU204.21 | |
| 科图分类: | ||
| 主题词: | 建筑安装--jian zhu an zhuang--建筑制图--识图--高等教育--教材 | |
| 电子资源: | ||
| ISBN: | 978-7-111-63081-4 | |
| 000 | 01372nam 2200301 450 | |
| 001 | 2056619098 | |
| 005 | 20210622084846.46 | |
| 010 | @a978-7-111-63081-4@dCNY59.80 | |
| 100 | @a20190925d2019 em y0chiy50 ea | |
| 101 | 0 | @achi |
| 102 | @aCN@b110000 | |
| 105 | @aa a 000yy | |
| 200 | 1 | @a安装工程识图@Aan zhuang gong cheng shi tu@f主编王远红, 吴信平 |
| 205 | @a第2版 | |
| 210 | @a北京@c机械工业出版社@d2019.08 | |
| 215 | @a375页@c图@d26cm | |
| 225 | 2 | @a高等教育工程造价系列规划教材@Agao deng jiao yu gong cheng zao jia xi lie gui hua jiao cai |
| 312 | @a英文题名取自封面 | |
| 320 | @a有书目 | |
| 330 | @a本书依据现行的给水排水、暖通、电气工程的制图规范和标准图集以及全国高等学校工程管理、工程造价专业本科教学大纲编写的, 主要内容包括工业管道工程图、给水排水管道工程图、采暖及燃气工程图、通风空调工程图、自控仪表管道工程图、起重运送设备安装工程图、供配电工程图、供配电线路工程图、动力及照明工程图、防雷接地工程图、建筑弱电工程图, 充分反映了当前我国安装工程设计施工图的实际内容, 符合行业的特点和专业教学的需要。 | |
| 410 | 0 | @12001 @a高等教育工程造价系列规划教材 |
| 510 | 1 | @aEngineering cost@zeng |
| 606 | 0 | @a建筑安装@Ajian zhu an zhuang@x建筑制图@x识图@x高等教育@j教材 |
| 690 | @aTU204.21@v5 | |
| 701 | 0 | @a王远红@Awang yuan hong@4主编 |
| 701 | 0 | @a吴信平@Awu xin ping@4主编 |
| 801 | 0 | @aCN@b人天书店@c20200929 |
| 905 | @aZUCC@dTU204.21@eW442 | |
| 安装工程识图/主编王远红, 吴信平.-第2版.-北京:机械工业出版社,2019.08 |
| 375页:图;26cm.-(高等教育工程造价系列规划教材) |
| ISBN 978-7-111-63081-4:CNY59.80 |
| 本书依据现行的给水排水、暖通、电气工程的制图规范和标准图集以及全国高等学校工程管理、工程造价专业本科教学大纲编写的, 主要内容包括工业管道工程图、给水排水管道工程图、采暖及燃气工程图、通风空调工程图、自控仪表管道工程图、起重运送设备安装工程图、供配电工程图、供配电线路工程图、动力及照明工程图、防雷接地工程图、建筑弱电工程图, 充分反映了当前我国安装工程设计施工图的实际内容, 符合行业的特点和专业教学的需要。 |
| ● |
| 相关链接 |
|
|
|
正题名:安装工程识图
索取号:TU204.21/W442
 
预约/预借
| 序号 | 登录号 | 条形码 | 馆藏地/架位号 | 状态 | 备注 |
| 1 | 1486158 | 214861586 | 建筑库101/101建筑库 39排5列2层/ [索取号:TU204.21/W442] | 在馆 | |
| 2 | 1486159 | 214861595 | 建筑库101/101建筑库 39排5列2层/ [索取号:TU204.21/W442] | 在馆 | |
| 3 | 1506940 | 215069404 | 建筑库101/101建筑库 39排5列2层/ [索取号:TU204.21/W442] | 在馆 |